Gandhi`s Responses to Islam (Record no. 6434)

MARC details
000 -LEADER
fixed length control field 00633nam a2200253 a 4500
020 ## - INTERNATIONAL STANDARD BOOK NUMBER
ISBN 812465X
082 00 - DEWEY DECIMAL CLASSIFICATION NUMBER
Classification number 954.035092
Author Cutter MCD
100 ## - MAIN ENTRY--AUTHOR NAME
Author name Mcdonough, Sheila
245 ## - TITLE STATEMENT
Title Gandhi`s Responses to Islam
260 ## - PUBLICATION, DISTRIBUTION, ETC. (IMPRINT)
Place of publication New Delhi
Name of publisher Dk Printworld
Year of publication 1994
300 ## - PHYSICAL DESCRIPTION
Number of Pages 133p
500 ## - GENERAL NOTE
General note includes index and biblioraphy
505 2# - FORMATTED CONTENTS NOTE
Formatted contents note Index
650 ## - SUBJECT ADDED ENTRY--TOPICAL TERM
Topical Term Gandhi M K-Biography
650 ## - SUBJECT ADDED ENTRY--TOPICAL TERM
Topical Term Gandhi and Islam
942 ## - ADDED ENTRY ELEMENTS (KOHA)
Koha item type Books
700 1# -
-- Mcdonough, Sheila
Holdings
Home library Current library Date acquired Cost, normal purchase price Full call number Accession Number Koha item type
Henry Martyn Institute Library Henry Martyn Institute Library 01/18/2013 140.00 954.035092 MCD 014945 E-Books
                   Copyright © 2026 | Henry Martyn Institute | Hyderabad | TS-500052 | INDIA | Implemented by hmi.edu.in
Hit-Count:

Powered by Koha